Lighting and roofing (Record no. 68940)

MARC details
000 -LEADER
fixed length control field 01144cam a2200265 4500
001 - CONTROL NUMBER
control field ABS64758
008 - FIXED-LENGTH DATA ELEMENTS--GENERAL INFORMATION
fixed length control field 011126n2001 000 0 eng u
035 ## - SYSTEM CONTROL NUMBER
System control number (Sirsi) u115739
100 ## - MAIN ENTRY--PERSONAL NAME
Personal name Gardner, C.
245 ## - TITLE STATEMENT
Title Lighting and roofing
260 ## - PUBLICATION, DISTRIBUTION, ETC.
Date of publication, distribution, etc. 2001
490 ## - SERIES STATEMENT
Series statement AJ Focus
Volume/sequential designation November 2001, 3-71(
520 ## - SUMMARY, ETC.
Summary, etc. Looks at the range of lighting equipment which has developed to meet the increasing demands on contemporary and urban lighting. Also reviews roofing products and, in particular, lightning protection systems, metal decking and fasteners, siphonic roof drainage, rooflights and clocks. Includes Davis Langdon & Everest supply and fix costs for common pitched and flat roof specifications, representing costs typical as at October 2001. Lists a contact sheet of manufacturers of roofing products.
590 ## - LOCAL NOTE (RLIN)
Local note ABS
650 ## - SUBJECT ADDED ENTRY--TOPICAL TERM
Topical term or geographic name entry element ROOFING
650 ## - SUBJECT ADDED ENTRY--TOPICAL TERM
Topical term or geographic name entry element LIGHTING
650 ## - SUBJECT ADDED ENTRY--TOPICAL TERM
Topical term or geographic name entry element MANUFACTURERS
650 ## - SUBJECT ADDED ENTRY--TOPICAL TERM
Topical term or geographic name entry element BUILT ENVIRONMENT-BUILDING MATERIALS
650 ## - SUBJECT ADDED ENTRY--TOPICAL TERM
Topical term or geographic name entry element COSTS
650 ## - SUBJECT ADDED ENTRY--TOPICAL TERM
Topical term or geographic name entry element DAVIS LANGDON & EVEREST
690 ## - LOCAL SUBJECT ADDED ENTRY--TOPICAL TERM (OCLC, RLIN)
Topical term or geographic name as entry element BUILT ENVIRONMENT-BUILDING MATERIALS
700 ## - ADDED ENTRY--PERSONAL NAME
Personal name Roberts, K.
700 ## - ADDED ENTRY--PERSONAL NAME
Personal name Curl, R.
942 ## - ADDED ENTRY ELEMENTS (KOHA)
Suppress in OPAC 0
Holdings
Withdrawn status Lost status Source of classification or shelving scheme Damaged status Not for loan Home library Current library Shelving location Date acquired Total Checkouts Full call number Barcode Date last seen Date last checked out Copy number Price effective from Koha item type
    Dewey Decimal Classification     London London Journal article 26/11/2001 4 ABS64758 30067763 06/08/2019 04/11/2003 1 06/08/2019 Journal article